00870nam a2200253 i 4500001001000000003000900010005001700019007000300036008004100039020001800080040003000098082002800128245008800156264003800244300002800282336002800310337003300338338002900371500007600400504003200476650002700508650004600535700003500581000044831DO-SdBNP20250501115047.0ta150113s2014 dr 000 0 spa d a9789945590012 aDO-SdBNPbspacBNPHUerda 4a346.72930482bA636d22200aAnuario dominicano de propiedad intelectual : 2014 /ceditora, Ana Carolina Blanco. aSanto Domingo :bFunglode,c2014. a270 páginas ;c23 cm. 2rdacontent atextobtxt 2rdamediaasin mediaciónbn 2rdacarrieravolumen bnc aIncluye referencias bibliográficas y notas al píe de las páginas aBibliografía : p. 269-270 0aPropiedad intelectual  4aDerechos de autorzRepública Dominicana1 aBlanco, Ana Carolina,eeditora